Tiere mit B - Statistiken

Allgemein
  • Dieses Quiz wurde 109 mal gespielt
    34 seit der letzten Aktualisierung
  • Das Durchschnittsergebnis liegt bei 10 aus 23
Antwortstatistiken
Hint Antwort % Korrekt
Säugetier Bär
100%
Meerestier Blauwal
85%
Säugetier Biber
81%
Insekt Biene
77%
Vogel Blaumeise
65%
Säugetier Bison
62%
Meerestier Barsch
54%
Vogel Bussard
50%
Säugetier Büffel
46%
Säugetier Bonobo
38%
Vogel Buntspecht
38%
Meerestier Beluga
35%
Meerestier Buckelwal
35%
Reptilie Bartagame
27%
Reptilie Boa
27%
Säugetier Bisamratte
23%
Sonstiges Blutegel
23%
Sonstiges Bandwurm
19%
Reptil Blindschleiche
19%
Vogel Buchfink
19%
Insekt Bremse
15%
Insekt Blattlaus
12%
Vogel Basstölpel
0%
Keine übereinstimmenden Quizze gefunden
Verteilung der Resultate
Anzahl Personen mit jedem Resultat
Perzentil nach korrekt beantworteten Fragen
Ihre Resultats-Entwicklung
Sie haben dieses Quiz seit der letzten Aktualisierung nicht gespielt